00638nam a22001337a 450000500170000000800410001705000300005810000180008824501370010626000340024330000190027750000400029665001680033620260512095042.0260512b |||||||| |||| 00| 0 eng d aTHE HV 734 .G53 2025bC.1 aGichuri, Lucy aInfluence of Premarital Counseling on Marital, Satisfaction Among Married Couples in Pentecostal Churches in Turbo Sub-County, Kenya aKisiibKisii Universityc2025 axx, 132p.:ill. aIncludes bibliographical references a1. Premarital counseling - Kenya - Case studies. 2. Marriage - Kenya - Religious aspects- Pentecostal churches. 3. Marital Satisfaction - Kenya - Turbo Sub-County.